000 01334nmc a2200421 a 4500
003 AR-BaBNM
005 20251128211251.0
008 153020s1999 ||||||||||||||000 | spa||
020 _a84-85840-75-5
040 _cAR-BaBNM
245 1 0 _aPsicología de la instrucción
_bla enseñanza y el aprendizaje en la educación secundaria
250 _a1ª ed.
260 _aBarcelona
_bI.C.E. Universitat Barcelona
_bHorsori
_c1999
300 _a205 p.
_btablas
490 0 _aCuadernos de formación del profesorado. Educación secundaria
_vv. 15
500 _aContiene índice temático p. 205-209
504 _aContiene referencias bibliográficas p. 202-205
650 4 _aPSICOLOGIA DE LA EDUCACION
650 4 _aAPRENDIZAJE
650 4 _aMOTIVACION DEL ALUMNO
650 4 _aEVALUACION DEL ALUMNO
650 4 _aDISCIPLINA ESCOLAR
651 4 _aEspaña
653 _aCONSTRUCTIVISMO
653 _aEDUCACION SECUNDARIA
653 _aAPRENDER A APRENDER
653 _aCONTENIDOS CURRICULARES
653 _aEDUCACION EN LA DIVERSIDAD
700 1 _aColl, César
_ecoordinador
700 1 _aGotzens, Concepció
700 1 _aMonereo Font, Carles
700 1 _aOnrubia, Javier
700 1 _aPozo, Juan Ignacio
700 1 _aAlonso Tapia, Jesús
800 1 _aColl, César
942 _cBK
998 _craquel
999 _c18924
_d18924